[Event "Moscow Open 2009 A"]
[Site ""]
[Date "2009.02.04"]
[Round "5.119"]
[White "Skvortsov, Mikhail S"]
[Black "Kozganbayev, Erken"]
[Result "0-1"]
[WhiteElo "2373"]
[BlackElo "2161"]
[Annotator ""]
[Source ""]
[Remark ""]

1.d4 Nf6 2.Bg5 Ne4 3.Bh4 c5 4.f3 Nf6 5.dxc5 e6 6.e4 Bxc5 7.c3
Bxg1 8.e5 Bc5 9.exf6 gxf6 10.Nd2 Be7 11.Qa4 Qc7 12.O-O-O Nc6
13.Ne4 Qf4+ 14.Kb1 Kf8 15.Bg3 Qf5 16.Bd3 Qa5 17.Qc2 Ne5 18.Qd2
h5 19.Bh4 Qd8 20.Bc2 d5 21.Qd4 Bd7 22.Nxf6 Bxf6 23.Bxf6 Qxf6
24.Rhe1 Ng4 25.fxg4 Qxd4 26.Rxd4 hxg4 27.Rxg4 Rxh2 28.Rb4 Bc6
29.g4 Ke7 30.Rf4 Rah8 31.Ref1 Be8 32.c4 dxc4 33.Be4 b5 34.Re1
Rd2 35.a4 Rhh2 36.axb5 Rxb2+ 37.Kc1 Bxb5 38.g5 0-1

[Event "Moscow Open 2009 A"]
[Site ""]
[Date "2009.02.04"]
[Round "5.120"]
[White "Iljiushenok, Ilia"]
[Black "Tkachuk, Andrey"]
[Result "1-0"]
[WhiteElo "2360"]
[BlackElo "2150"]
[Annotator ""]
[Source ""]
[Remark ""]

1.e4 c5 2.Nf3 Nc6 3.d4 cxd4 4.Nxd4 Nf6 5.Nc3 d6 6.Bg5 e6 7.Qd2
Be7 8.O-O-O Nxd4 9.Qxd4 O-O 10.Bc4 a6 11.Bb3 Qa5 12.f4 b5 13.e5
dxe5 14.fxe5 Nd5 15.Bxe7 Nxe7 16.Qc5 Ng6 17.Ne4 Rb8 18.h4 Qb6
19.Qc3 Bb7 20.Nd6 Bxg2 21.Rh2 Qf2 22.Kb1 b4 23.Qe1 Qxe1 24.Rxe1
Bc6 25.h5 Ne7 26.Rf2 Nd5 27.h6 g6 28.Bxd5 exd5 29.Ref1 Bb5 30.Rd1
Bc6 31.Rf6 Rbd8 32.Rdf1 Be8 33.e6 Rxd6 34.e7 Rxf6 35.Rxf6 Bb5
36.exf8Q+ Kxf8 37.Rd6 Ke7 38.Rxd5 f5 39.Rc5 Kf6 40.Rc7 g5 41.Rxh7
Kg6 42.Rh8 g4 43.Kc1 Bc6 44.Kd2 Be4 45.c4 bxc3+ 46.bxc3 Bd5 47.h7
Be4 48.c4 Kg7 49.Re8 Kxh7 50.Rxe4 fxe4 51.c5 1-0

[Event "Moscow Open 2009 A"]
[Site ""]
[Date "2009.02.04"]
[Round "5.121"]
[White "Biryukov, Dmitriy"]
[Black "Mamedov, Elshad"]
[Result "1-0"]
[WhiteElo "2357"]
[BlackElo "2129"]
[Annotator ""]
[Source ""]
[Remark ""]

1.e4 d6 2.d4 Nd7 3.Nc3 h6 4.Nge2 g6 5.Be3 Bg7 6.Qd2 c6 7.O-O-O
Kf8 8.f4 b5 9.e5 d5 10.h3 Nb6 11.b3 h5 12.Ng1 Bf5 13.Nf3 e6 14.Bf2
Ke8 15.Rg1 Bf8 16.g4 hxg4 17.hxg4 Ba3+ 18.Kb1 a5 19.gxf5 gxf5
20.Bh4 Qb8 21.Qg2 Ne7 22.Bf6 Rf8 23.Ng5 a4 24.Nh7 Rg8 25.Qxg8+
Nxg8 26.Rxg8+ 1-0

[Event "Moscow Open 2009 A"]
[Site ""]
[Date "2009.02.04"]
[Round "5.122"]
[White "Stoletov, Gennadi"]
[Black "Kanygin, Nikolai N"]
[Result "1-0"]
[WhiteElo "2306"]
[BlackElo "2106"]
[Annotator ""]
[Source ""]
[Remark ""]

1.e4 c5 2.c4 Nc6 3.Nc3 g6 4.g3 Bg7 5.Bg2 d6 6.d3 e5 7.Nge2 Nge7
8.O-O Be6 9.a3 Qd7 10.Nd5 Nd4 11.Nxd4 exd4 12.Nxe7 Kxe7 13.b4
Bh3 14.f4 Bxg2 15.Kxg2 f5 16.exf5 gxf5 17.Re1+ Kf6 18.Bd2 Rae8
19.Qh5 1-0

[Event "Moscow Open 2009 A"]
[Site ""]
[Date "2009.02.04"]
[Round "5.123"]
[White "Prosviriakov, Vladimir"]
[Black "Gnydka, Yaroslav"]
[Result "1-0"]
[WhiteElo "2305"]
[BlackElo "2098"]
[Annotator ""]
[Source ""]
[Remark ""]

1.c4 e5 2.g3 Nf6 3.Bg2 c6 4.d4 e4 5.Nc3 Bb4 6.Bg5 Qa5 7.Bxf6
gxf6 8.Bxe4 Bxc3+ 9.bxc3 Qxc3+ 10.Kf1 Qxc4 11.Kg2 Qe6 12.Qc2
d5 13.Bf3 Na6 14.h4 Nc7 15.Re1 Bd7 16.Nh3 Qd6 17.Nf4 Ne6 18.Nh5
Nxd4 19.Qb2 Qe5 20.Qxb7 Rd8 21.Qxa7 O-O 22.Nf4 Bf5 23.Qc5 Ra8
24.Nd3 Bxd3 25.exd3 Nxf3 26.Rxe5 Nxe5 27.d4 1-0

[Event "Moscow Open 2009 A"]
[Site ""]
[Date "2009.02.04"]
[Round "5.124"]
[White "Solovjev, Nikolay"]
[Black "Mingaleev, Ildar"]
[Result "1-0"]
[WhiteElo "2304"]
[BlackElo "2009"]
[Annotator ""]
[Source ""]
[Remark ""]

1.d4 Nf6 2.c4 e6 3.Nc3 d5 4.Bf4 c6 5.e3 Bd6 6.c5 Bxf4 7.exf4
b6 8.b4 a5 9.a3 Ba6 10.Bxa6 Rxa6 11.Nf3 O-O 12.O-O Qc7 13.Ne5
axb4 14.axb4 Rxa1 15.Qxa1 bxc5 16.bxc5 Nfd7 17.Nd3 f6 18.Re1
Re8 19.Re2 Nf8 20.Na2 Re7 21.Nab4 Qa7 22.Ra2 Qb7 23.Ra8 Nfd7
24.Qa4 Kf7 25.g3 Nf8 26.Kg2 Rc7 27.Qa5 Nfd7 28.g4 Kg6 29.f5+
exf5 30.Nf4+ Kf7 31.gxf5 Nf8 32.Qb6 Nfd7 33.Qa5 Nf8 34.Nfxd5
cxd5 35.c6 Nxc6 36.Qxd5+ Ke7 37.Qc5+ Kd7 38.Nd5 1-0

[Event "Moscow Open 2009 A"]
[Site ""]
[Date "2009.02.04"]
[Round "5.125"]
[White "Kaljaev, Viacheslav"]
[Black "Kolmakov, Pavel"]
[Result "0-1"]
[WhiteElo "2106"]
[BlackElo "2284"]
[Annotator ""]
[Source ""]
[Remark ""]

1.e4 c5 2.Nf3 e6 3.c3 Nf6 4.Qc2 d5 5.d3 Nc6 6.Bg5 Be7 7.Nbd2
Qc7 8.Rc1 b6 9.a3 O-O 10.g3 dxe4 11.dxe4 h6 12.Bxf6 Bxf6 13.b4
Rd8 14.Be2 Bb7 15.O-O cxb4 16.axb4 Rac8 17.Qb1 Ne5 18.Nd4 Nc6
19.N2f3 Nxd4 20.cxd4 Qd7 21.Rxc8 Rxc8 22.h4 Qc6 23.d5 exd5 24.e5
Be7 25.Nd4 Qc3 26.Nf5 Qxe5 27.Bg4 Bf8 28.Rc1 Rxc1+ 29.Qxc1 Qf6
30.Qf1 d4 31.Kh2 d3 32.h5 Bxb4 0-1

[Event "Moscow Open 2009 A"]
[Site ""]
[Date "2009.02.04"]
[Round "5.126"]
[White "Shurunov, Arseny"]
[Black "Korovianski, Dmitry"]
[Result "1-0"]
[WhiteElo "2105"]
[BlackElo "2281"]
[Annotator ""]
[Source ""]
[Remark ""]

1.e4 c5 2.Nf3 Nc6 3.d4 cxd4 4.Nxd4 Nf6 5.Nc3 e5 6.Ndb5 d6 7.Bg5
a6 8.Na3 b5 9.Nd5 Be7 10.Bxf6 Bxf6 11.c3 Rb8 12.Nc2 Bg5 13.Be2
O-O 14.Nce3 g6 15.O-O Kh8 16.Qd3 f5 17.exf5 gxf5 18.f4 e4 19.Qd2
Bh6 20.a4 bxa4 21.Rxa4 a5 22.Rd1 Bd7 23.Raa1 Rg8 24.Kh1 Be6 25.g3
Bg7 26.Bc4 Rf8 27.Ng2 Bc8 28.Qe2 Rf7 29.Qh5 Rfb7 30.Nh4 Be6 31.Ne3
Bxc4 32.Nxc4 d5 33.Nxf5 Rd7 34.Nxg7 dxc4 35.Ne6 Rxd1+ 36.Rxd1
Qe7 37.Qd5 Rc8 38.Qxe4 a4 39.Ng5 Qxe4+ 40.Nxe4 Re8 41.Nd6 Re2
42.Nxc4 Ne7 43.Rd2 Re1+ 44.Kg2 Kg7 45.Nd6 Ra1 46.c4 Ra2 47.Ne4
a3 48.bxa3 Rxa3 49.Rd7 Kf7 50.c5 1-0

[Event "Moscow Open 2009 A"]
[Site ""]
[Date "2009.02.04"]
[Round "5.130"]
[White "Mukashev, Assan"]
[Black "Robson, Ray"]
[Result "1/2-1/2"]
[WhiteElo "2071"]
[BlackElo "2455"]
[Annotator ""]
[Source ""]
[Remark ""]

1.d4 d5 2.c4 e6 3.Nf3 Nf6 4.g3 dxc4 5.Bg2 a6 6.O-O b5 7.Ne5 Nd5
8.a4 Bb7 9.b3 c3 10.e4 b4 11.exd5 Bxd5 12.Qh5 g6 13.Qh3 Bg7 14.Nxc3
bxc3 15.Ba3 Bf8 16.Bxf8 Kxf8 17.Rac1 Kg7 18.Bxd5 Qxd5 19.Qg2
Rd8 20.Qxd5 Rxd5 21.Rxc3 Ra7 22.Rfc1 c6 23.Nxc6 Nxc6 24.Rxc6
Rxd4 25.Rc7 Rxc7 26.Rxc7 1/2-1/2

[Event "Moscow Open 2009 A"]
[Site ""]
[Date "2009.02.04"]
[Round "5.131"]
[White "Kim, Timur"]
[Black "Rozanov, Pavel B"]
[Result "0-1"]
[WhiteElo "2010"]
[BlackElo "2306"]
[Annotator ""]
[Source ""]
[Remark ""]

1.d4 Nf6 2.Nf3 c5 3.c3 b6 4.Bf4 g6 5.h3 Bg7 6.e3 Bb7 7.Nbd2 O-O
8.Bd3 d6 9.O-O Nbd7 10.Bh2 Rc8 11.Re1 a6 12.a4 Qc7 13.e4 e5 14.d5
Nh5 15.Qe2 Ra8 16.g4 Nf4 17.Bxf4 exf4 18.Rac1 Rfe8 19.Qf1 Qd8
20.Qg2 Ne5 21.Nxe5 Bxe5 22.Nc4 Bc8 23.Nxe5 Rxe5 24.f3 Bd7 25.b3
h5 26.Qh2 Qf6 27.Qf2 Kg7 28.Kg2 b5 29.axb5 axb5 30.Ra1 Rh8 31.Rh1
Ree8 32.Qd2 Ra8 33.Rxa8 Rxa8 34.Rc1 Qg5 35.Qf2 hxg4 36.fxg4 f3+ 0-1

[Event "Moscow Open 2009 A"]
[Site ""]
[Date "2009.02.04"]
[Round "5.132"]
[White "Galiaev, Andrey"]
[Black "Meribanov, Vitaly"]
[Result "0-1"]
[WhiteElo "2288"]
[BlackElo "2125"]
[Annotator ""]
[Source ""]
[Remark ""]

1.e4 c5 2.c3 d5 3.exd5 Qxd5 4.d4 Nf6 5.Nf3 Bg4 6.Be2 e6 7.h3
Bh5 8.Be3 cxd4 9.cxd4 Nc6 10.Nc3 Qd6 11.a3 Be7 12.O-O O-O 13.Qb3
Rfd8 14.Rfd1 Nd5 15.Ne4 Qc7 16.Rac1 Qb6 17.Qxb6 axb6 18.g4 Bg6
19.Nc3 Ra5 20.Nxd5 Raxd5 21.Bc4 R5d7 22.Bb5 Be4 23.Bxc6 bxc6
24.Ne5 Rc7 25.d5 Rxd5 26.Rxd5 Bxd5 27.Bxb6 Rc8 28.b4 Bf6 29.f4
Bxe5 30.fxe5 Ra8 31.Rc3 f6 32.Bd4 Kf7 33.Kf2 f5 34.g5 f4 35.h4
Kg6 36.Rh3 Kf5 37.Bb2 Kg4 38.Rh2 Rd8 39.Bc1 Bf3 40.h5 Rd1 41.h6
gxh6 42.Bxf4 Kxf4 43.Rxh6 Rd2+ 0-1

[Event "Moscow Open 2009 A"]
[Site ""]
[Date "2009.02.04"]
[Round "5.133"]
[White "Dimukhametov, Artur"]
[Black "Markevich, Arseniy"]
[Result "1-0"]
[WhiteElo "2250"]
[BlackElo "2116"]
[Annotator ""]
[Source ""]
[Remark ""]

1.d4 Nf6 2.c4 e6 3.Nc3 Bb4 4.Qc2 O-O 5.a3 Bxc3+ 6.Qxc3 Ne4 7.Qc2
f5 8.e3 b6 9.Bd3 Bb7 10.Ne2 Qh4 11.O-O Rf6 12.d5 Rh6 13.h3 exd5
14.cxd5 Bxd5 15.Bc4 Nf6 16.Nf4 Bxc4 17.Qxc4+ Kh8 18.g3 Qg5 19.e4
Nh5 20.Nxh5 Qxh5 21.Bxh6 Qxh6 22.Qxc7 Nc6 23.Qxd7 1-0

[Event "Moscow Open 2009 A"]
[Site ""]
[Date "2009.02.04"]
[Round "5.134"]
[White "Seliverstov, Vitaliy"]
[Black "Gorin, Alexandr"]
[Result "1-0"]
[WhiteElo "2156"]
[BlackElo "2004"]
[Annotator ""]
[Source ""]
[Remark ""]

1.e4 g6 2.d4 Bg7 3.Nc3 d6 4.Be3 Nc6 5.f3 e5 6.Nge2 exd4 7.Nxd4
Nge7 8.Qd2 a6 9.O-O-O Bd7 10.h4 h5 11.Bc4 Ne5 12.Bf1 b5 13.Nd5
Nxd5 14.exd5 O-O 15.Bg5 Bf6 16.f4 Nc4 17.Bxc4 bxc4 18.f5 c3 19.bxc3
c5 20.dxc6 Bxg5 21.Qxg5 Qxg5+ 22.hxg5 Bxf5 23.Nxf5 gxf5 24.Rxd6
Kg7 25.Rxh5 Rfe8 26.Rhh6 Rac8 27.Rhf6 Re1+ 28.Kd2 Rg1 29.Rxf5
Rxg2+ 30.Kd3 Rg4 31.Rc5 Rh8 32.Rd4 1-0

[Event "Moscow Open 2009 A"]
[Site ""]
[Date "2009.02.04"]
[Round "5.136"]
[White "Jakovlev, Alexander"]
[Black "Lyubokhiner, Leonid M"]
[Result "1-0"]
[WhiteElo "1957"]
[BlackElo "1792"]
[Annotator ""]
[Source ""]
[Remark ""]

1.Nc3 c5 2.e4 Nc6 3.g3 Nf6 4.Bg2 d6 5.Nge2 g6 6.O-O Bg7 7.d4
cxd4 8.Nxd4 O-O 9.Nce2 Bd7 10.c3 a6 11.a4 Rb8 12.b4 Ne5 13.f4
Nc4 14.h3 Re8 15.f5 e5 16.fxe6 fxe6 17.Bg5 e5 18.Nc2 Qb6+ 19.Kh2
Rf8 20.Bxf6 Bxf6 21.Qd5+ Kg7 22.Qxc4 Rbc8 23.Qd3 1-0

[Event "Moscow Open 2009 A"]
[Site ""]
[Date "2009.02.05"]
[Round "6.28"]
[White "Dvalishvili, Pavel S"]
[Black "Fedorov, Alexei"]
[Result "1/2-1/2"]
[WhiteElo "2480"]
[BlackElo "2619"]
[Annotator ""]
[Source ""]
[Remark ""]

1.e4 c5 2.Nf3 d6 3.d4 cxd4 4.Nxd4 Nf6 5.Nc3 g6 6.Be2 Bg7 7.O-O
Nc6 8.Be3 O-O 9.Qd2 Bd7 10.Rad1 a6 11.f3 Rc8 12.Nxc6 Bxc6 13.Bd4
Qc7 14.Rfe1 Nd7 15.Bxg7 Kxg7 16.Qd4+ Kg8 17.Bc4 b5 18.Bb3 a5
19.a3 Rfe8 20.Rd2 Rb8 21.Nd1 Qb6 22.Ne3 Qxd4 23.Rxd4 Nc5 24.Bd5
Rec8 25.b4 axb4 26.axb4 Na4 27.Bb3 Kf8 28.f4 Nc3 29.Nd1 Bd7 30.Nxc3
Rxc3 31.e5 Rb6 32.Red1 Rbc6 33.exd6 exd6 34.Re1 Bf5 35.Re2 1/2-1/2

[Event "Moscow Open 2009 A"]
[Site ""]
[Date "2009.02.05"]
[Round "6.30"]
[White "Bezgodov, Alexei"]
[Black "Yemelin, Vasily"]
[Result "1/2-1/2"]
[WhiteElo "2475"]
[BlackElo "2578"]
[Annotator ""]
[Source ""]
[Remark ""]

1.e4 e5 2.Nf3 Nc6 3.Bb5 Nf6 4.O-O Nxe4 5.d4 Nd6 6.Bxc6 dxc6 7.dxe5
Nf5 8.Qxd8+ Kxd8 9.Nc3 h6 10.h3 Bd7 11.b3 Kc8 12.Bb2 Ne7 13.Rad1
c5 14.Rfe1 b6 15.Ne2 Ng6 16.h4 h5 17.Ng5 Be6 18.Nxe6 fxe6 19.g3
Be7 20.Kg2 Kb7 21.Rd3 Raf8 22.Red1 Rf5 23.Rf3 Rhf8 24.Rxf5 Rxf5
25.Re1 Kc6 26.Ng1 Kd7 27.Nf3 1/2-1/2

[Event "Moscow Open 2009 A"]
[Site ""]
[Date "2009.02.05"]
[Round "6.31"]
[White "Kim, Alexey"]
[Black "Khairullin, Ildar"]
[Result "1/2-1/2"]
[WhiteElo "2470"]
[BlackElo "2574"]
[Annotator ""]
[Source ""]
[Remark ""]

1.e4 e5 2.Nf3 Nc6 3.Bc4 Bc5 4.c3 Nf6 5.d3 O-O 6.Nbd2 d5 7.exd5
Nxd5 8.Ne4 Be7 9.O-O Nb6 10.Bb3 Bf5 11.Re1 Bg6 12.Qe2 Qd7 13.Be3
Rad8 14.Rad1 Rfe8 15.Qd2 a6 16.Bxb6 cxb6 17.Qc1 Qc7 18.h3 Rd7
19.d4 Red8 20.d5 Na5 21.d6 Bxd6 22.Nxd6 Nxb3 23.axb3 Rxd6 24.Rxd6
Qxd6 1/2-1/2

[Event "Moscow Open 2009 A"]
[Site ""]
[Date "2009.02.05"]
[Round "6.32"]
[White "Gagarin, Vasilij"]
[Black "Chuprov, Dmitry"]
[Result "0-1"]
[WhiteElo "2392"]
[BlackElo "2571"]
[Annotator ""]
[Source ""]
[Remark ""]

1.d4 Nf6 2.c4 g6 3.Nc3 Bg7 4.Nf3 O-O 5.Bg5 c5 6.d5 h6 7.Bh4 d6
8.e3 g5 9.Bg3 Nh5 10.Nd2 Nxg3 11.hxg3 e6 12.Be2 exd5 13.Nxd5
Nc6 14.Qc2 Be6 15.O-O Rb8 16.a4 a6 17.Rfd1 b5 18.axb5 axb5 19.Rab1
Bxd5 20.cxd5 Ne7 21.g4 Qb6 22.Ne4 Ra8 23.Ng3 Rfe8 24.Nh5 Bh8
25.Bd3 Qb7 26.Bh7+ Kf8 27.Bf5 Ng8 28.g3 Nf6 29.Nxf6 Bxf6 30.Kg2
c4 31.Be4 Ra2 32.Bf3 Kg7 33.Qc1 Qc8 34.Rd2 Qc5 35.Rc2 Rea8 36.Be4
Qb4 37.Bf3 R8a7 38.Kg1 Qa5 39.Kg2 Ra1 40.Re2 Qa2 41.Be4 Rxb1
42.Bxb1 Qb3 43.Be4 Ra2 44.Qb1 b4 45.Kf3 Qa4 46.Bc2 b3 47.Bd1
Ra1 0-1

[Event "Moscow Open 2009 A"]
[Site ""]
[Date "2009.02.05"]
[Round "6.33"]
[White "Deviatkin, Andrei"]
[Black "Danin, Alexandre"]
[Result "1/2-1/2"]
[WhiteElo "2566"]
[BlackElo "2465"]
[Annotator ""]
[Source ""]
[Remark ""]

1.d4 Nf6 2.Nf3 g6 3.Bg5 Bg7 4.Nbd2 d5 5.e3 c5 6.c3 Qb6 7.Qb3
Nc6 8.Be2 O-O 9.O-O Be6 10.dxc5 Qxc5 11.Nd4 Bc8 12.Rac1 e5 13.Nxc6
bxc6 14.c4 Qa5 15.Qc3 Qxc3 16.Rxc3 Rb8 17.Rb3 Be6 18.Rd1 d4 19.exd4
exd4 20.Bf4 Rxb3 21.axb3 Nh5 22.Bxh5 gxh5 23.Re1 Re8 24.Kf1 h4
25.h3 d3 26.Re3 Bxb2 27.Rxd3 1/2-1/2

[Event "Moscow Open 2009 A"]
[Site ""]
[Date "2009.02.05"]
[Round "6.34"]
[White "Kotsur, Pavel"]
[Black "Lushenkov, Mikhail"]
[Result "1-0"]
[WhiteElo "2563"]
[BlackElo "2462"]
[Annotator ""]
[Source ""]
[Remark ""]

1.Nf3 Nf6 2.d4 e6 3.c4 b6 4.g3 Ba6 5.Qc2 Bb4+ 6.Bd2 Be7 7.e4
d5 8.cxd5 Bxf1 9.Kxf1 exd5 10.e5 Ne4 11.Nc3 Nxc3 12.bxc3 Qd7
13.h4 Qg4 14.Kg2 Nc6 15.Rae1 O-O-O 16.Ng5 Bxg5 17.hxg5 g6 18.Rh4
Qd7 19.Reh1 Na5 20.Rxh7 Rxh7 21.Rxh7 Nc4 22.Bc1 Rf8 23.Qe2 Qf5
24.Qf3 Qxf3+ 25.Kxf3 Kd7 26.Ke2 c5 27.f4 cxd4 28.cxd4 Ke6 29.g4
b5 30.f5+ gxf5 31.Rh6+ f6 32.g6 Rg8 33.g7 Rxg7 34.Rxf6+ Ke7 35.g5 1-0

[Event "Moscow Open 2009 A"]
[Site ""]
[Date "2009.02.05"]
[Round "6.35"]
[White "Orlinkov, Maxim L"]
[Black "Sjugirov, Sanan"]
[Result "1/2-1/2"]
[WhiteElo "2385"]
[BlackElo "2562"]
[Annotator ""]
[Source ""]
[Remark ""]

1.d4 d5 2.Nf3 Nf6 3.g3 c5 4.Bg2 Nc6 5.O-O e6 6.c4 dxc4 7.Qa4
Bd7 8.Qxc4 cxd4 9.Nxd4 Rc8 10.Nc3 Nxd4 11.Qxd4 Bc5 12.Qh4 Bc6
13.Rd1 Qb6 14.Bxc6+ Rxc6 15.Bh6 Bf8 16.Rd2 Nd5 17.Nxd5 exd5 18.Be3
Bc5 19.Bxc5 Rxc5 20.Qa4+ Rc6 21.Qa3 Rd6 22.Rad1 O-O 23.Rxd5 Rxd5
24.Rxd5 h6 25.Rd2 Qc6 26.Qd3 Rc8 27.Qd7 Qc1+ 28.Kg2 b6 29.b3
Rf8 30.e3 a5 31.h4 Qc3 1/2-1/2

[Event "Moscow Open 2009 A"]
[Site ""]
[Date "2009.02.05"]
[Round "6.36"]
[White "Yudin, Sergei"]
[Black "Papin, Vasily"]
[Result "1-0"]
[WhiteElo "2562"]
[BlackElo "2456"]
[Annotator ""]
[Source ""]
[Remark ""]

1.d4 d5 2.c4 c6 3.Nc3 Nf6 4.g3 dxc4 5.Bg2 e6 6.Nf3 b5 7.Ne5 Nd5
8.a4 Bb4 9.Bd2 Bb7 10.e4 Nb6 11.d5 cxd5 12.exd5 exd5 13.O-O O-O
14.axb5 Qc7 15.Bf4 Bd6 16.Bxd5 Bxe5 17.Bxe5 Qd7 18.Bxb7 Qxb7
19.Qg4 f6 20.Bd4 N8d7 21.Rfe1 Rae8 22.f4 Qc7 23.Qh5 g6 24.Qf3
Ne5 25.fxe5 fxe5 26.Bxb6 1-0

[Event "Moscow Open 2009 A"]
[Site ""]
[Date "2009.02.05"]
[Round "6.37"]
[White "Krylov, Mikhail"]
[Black "Zhang, Zhong"]
[Result "1-0"]
[WhiteElo "2459"]
[BlackElo "2656"]
[Annotator ""]
[Source ""]
[Remark ""]

1.d4 e6 2.c4 b6 3.g3 Bb7 4.d5 b5 5.Qb3 Na6 6.Bg2 Nc5 7.Qxb5 Nf6
8.Qa5 exd5 9.Nc3 dxc4 10.Bxb7 Nxb7 11.Qa4 Be7 12.Qxc4 O-O 13.Nf3
d5 14.Qc6 Na5 15.Qa6 c5 16.O-O d4 17.Na4 Rc8 18.Bg5 h6 19.Bxf6
Bxf6 20.Rac1 c4 21.b4 Qe7 22.Qxa5 Qxe2 23.Qf5 d3 24.Rfe1 Qxa2
25.Nc3 Qb2 26.Nd5 Rfd8 27.Nxf6+ gxf6 28.Qg4+ Kf8 29.Nh4 Qe2 30.Qxe2
dxe2 31.h3 Rd2 32.Nf3 Rb2 33.Nd4 c3 34.Rxe2 Rd8 35.Re4 Rxb4 36.Nc6 1-0

[Event "Moscow Open 2009 A"]
[Site ""]
[Date "2009.02.05"]
[Round "6.38"]
[White "Grachev, Boris"]
[Black "Gubajdullin, Alexei"]
[Result "0-1"]
[WhiteElo "2655"]
[BlackElo "2454"]
[Annotator ""]
[Source ""]
[Remark ""]

1.d4 c6 2.Nf3 f5 3.c3 d6 4.Bf4 Nf6 5.e3 g6 6.Be2 Bg7 7.c4 a5
8.Nc3 Na6 9.O-O O-O 10.a3 Kh8 11.Qc2 Be6 0-1

[Event "Moscow Open 2009 A"]
[Site ""]
[Date "2009.02.05"]
[Round "6.39"]
[White "Gochelashvili, David"]
[Black "Zubarev, Alexander"]
[Result "0-1"]
[WhiteElo "2447"]
[BlackElo "2566"]
[Annotator ""]
[Source ""]
[Remark ""]

1.d4 c5 2.d5 g6 3.e4 Bg7 4.f4 d6 5.Nf3 Nf6 6.Nc3 O-O 7.Be2 e6
8.O-O exd5 9.exd5 Na6 10.Nd2 Nc7 11.a4 Ncxd5 12.Nxd5 Nxd5 13.Ne4
Bd4+ 14.Kh1 Re8 15.Bf3 Nc7 16.c3 d5 17.Ng3 Bg7 18.f5 Be5 19.Bg4
f6 20.Bf4 Bxf4 21.Rxf4 g5 22.Rf1 Bd7 23.h4 gxh4 24.Nh5 Re5 25.Bh3
Kf7 26.Nf4 Bxf5 27.Bxf5 Rxf5 28.Qd3 Qd7 29.c4 Rg8 30.cxd5 Rg3
31.Qe4 h3 32.gxh3 Re5 33.Qxh7+ Rg7 34.Qh6 Nxd5 35.Nd3 Reg5 36.Rf3
Qc6 37.Raf1 Kg8 38.h4 R5g6 39.Qd2 Rg4 40.Qf2 Ne3 0-1

[Event "Moscow Open 2009 A"]
[Site ""]
[Date "2009.02.05"]
[Round "6.40"]
[White "Grigoriants, Sergey"]
[Black "Krivoborodov, Egor"]
[Result "1/2-1/2"]
[WhiteElo "2565"]
[BlackElo "2436"]
[Annotator ""]
[Source ""]
[Remark ""]

1.c4 c6 2.Nf3 d5 3.e3 Nf6 4.Nc3 a6 5.b3 Bg4 6.h3 Bh5 7.Bb2 e6
8.Be2 Nbd7 9.d3 Bxf3 10.Bxf3 Bd6 11.d4 O-O 12.Qc2 Be7 13.Rd1
Rc8 14.O-O e5 15.cxd5 cxd5 16.dxe5 Nxe5 17.Be2 Bb4 18.Rc1 Rc6
19.Qf5 Re8 20.Na4 1/2-1/2

[Event "Moscow Open 2009 A"]
[Site ""]
[Date "2009.02.05"]
[Round "6.41"]
[White "Grishchenko, Sergey"]
[Black "Iljushin, Alexei"]
[Result "0-1"]
[WhiteElo "2423"]
[BlackElo "2564"]
[Annotator ""]
[Source ""]
[Remark ""]

1.d4 d5 2.c4 c6 3.Nc3 Nf6 4.Nf3 a6 5.a4 g6 6.Bg5 Bg7 7.e3 O-O
8.Qb3 dxc4 9.Bxc4 Nbd7 10.Qa3 h6 11.Bh4 g5 12.Bg3 Nh5 13.a5 b5
14.axb6 Nxb6 15.Be2 Nxg3 16.hxg3 Qd6 17.Ne4 Qxa3 18.Rxa3 a5 19.Ne5
Bxe5 20.dxe5 Kg7 21.Rc3 0-1

[Event "Moscow Open 2009 A"]
[Site ""]
[Date "2009.02.05"]
[Round "6.42"]
[White "Gladyszev, Oleg"]
[Black "Safarli, Eltaj"]
[Result "1/2-1/2"]
[WhiteElo "2422"]
[BlackElo "2564"]
[Annotator ""]
[Source ""]
[Remark ""]

1.d4 Nf6 2.c4 e6 3.Nc3 Bb4 4.Qc2 O-O 5.a3 Bxc3+ 6.Qxc3 d6 7.Bg5
Nbd7 8.e3 b6 9.Ne2 c5 10.Rd1 h6 11.Bh4 Qc7 12.Qc2 Ba6 13.d5 exd5
14.cxd5 Qb7 15.e4 Rae8 16.f3 Nh5 17.g4 Ne5 18.Kf2 Qd7 19.gxh5
f5 20.Nf4 fxe4 21.Bh3 Qf7 22.Bg3 1/2-1/2

[Event "Moscow Open 2009 A"]
[Site ""]
[Date "2009.02.05"]
[Round "6.43"]
[White "Chernyshov, Konstantin"]
[Black "Kuporosov, Viktor"]
[Result "0-1"]
[WhiteElo "2544"]
[BlackElo "2422"]
[Annotator ""]
[Source ""]
[Remark ""]

1.e4 c5 2.f4 e6 3.Nf3 Nc6 4.Bb5 Nge7 5.O-O a6 6.Bxc6 Nxc6 7.c4
Ne7 8.Nc3 b5 9.d3 d6 10.Be3 Rb8 11.Qd2 {Çàïèñü íåðàçáîð÷èâà} 0-1

[Event "Moscow Open 2009 A"]
[Site ""]
[Date "2009.02.05"]
[Round "6.44"]
[White "Maslak, Konstantin"]
[Black "Lavrik, Dmitry"]
[Result "1/2-1/2"]
[WhiteElo "2541"]
[BlackElo "2414"]
[Annotator ""]
[Source ""]
[Remark ""]

1.e4 e5 2.Nf3 Nc6 3.Bc4 Nf6 4.d3 Be7 5.c3 O-O 6.Nbd2 d5 7.Bb5
dxe4 8.dxe4 Bd7 9.Qe2 Qe8 10.O-O Nd4 11.Nxd4 exd4 12.Bxd7 Qxd7
13.cxd4 Qxd4 14.Re1 Rad8 15.Nb3 Qd3 1/2-1/2

[Event "Moscow Open 2009 A"]
[Site ""]
[Date "2009.02.05"]
[Round "6.45"]
[White "Rakhmanov, Aleksandr"]
[Black "Gritsenko, Andrey"]
[Result "1-0"]
[WhiteElo "2541"]
[BlackElo "2403"]
[Annotator ""]
[Source ""]
[Remark ""]

1.d4 d5 2.c4 c6 3.Nf3 Nf6 4.cxd5 cxd5 5.Nc3 Nc6 6.Bf4 a6 7.Rc1
Qb6 8.Na4 Qa5+ 9.Bd2 Qd8 10.e3 Ne4 11.Qb3 Nxd2 12.Nxd2 e6 13.Nb6
Rb8 14.Nxc8 Bb4 15.a3 Bxd2+ 16.Kxd2 Qxc8 17.Bxa6 O-O 18.Be2 e5
19.dxe5 Qf5 20.f4 d4 21.Rhd1 Qe4 22.Bf3 Qg6 23.Ke2 Rfd8 24.Kf2
d3 25.Rc3 d2 26.Qc2 Qh6 27.Rxd2 Qxh2 28.Rxd8+ Rxd8 29.Rd3 Qh4+
30.g3 Qh2+ 31.Bg2 Rf8 32.Rd1 1-0

[Event "Moscow Open 2009 A"]
[Site ""]
[Date "2009.02.05"]
[Round "6.46"]
[White "Shvedchikov, Anatoli I"]
[Black "Bryzgalin, Kirill"]
[Result "1-0"]
[WhiteElo "2409"]
[BlackElo "2537"]
[Annotator ""]
[Source ""]
[Remark ""]

1.c4 e5 2.Nc3 Nf6 3.Nf3 d6 4.d4 Nbd7 5.Bg5 Be7 6.e3 c6 7.Qc2
O-O 8.Be2 Re8 9.O-O Ng4 10.Bxe7 Qxe7 11.h3 Ngf6 12.Rfd1 e4 13.Nd2
Nf8 14.Nf1 h5 15.b4 d5 16.b5 Be6 17.bxc6 bxc6 18.Qa4 Rec8 19.Rab1
h4 20.Rb2 N6d7 21.c5 Qg5 22.Kh1 a5 23.Rdb1 f5 24.Qd1 f4 25.Bg4
Nf6 26.exf4 Qxf4 27.Bxe6+ Nxe6 28.Ne3 Rf8 29.Kg1 Nh7 30.Ng4 Qg5
31.Qd2 Qf5 32.Nd1 Nf4 33.Nde3 Qe6 34.Ne5 Ng5 35.N3g4 Rae8 36.Qe3
Qf5 37.Rd2 Re6 38.Kh2 Kh7 39.Rb6 Rc8 40.a4 Rc7 41.Rb8 Nf7 42.Rf8
g5 43.g3 Ng6 44.Rxf7+ Rxf7 45.Nxf7 Qxf7 46.Qxg5 hxg3+ 47.fxg3
Qe7 48.Qh5+ Kg7 49.Rf2 Qd8 50.h4 1-0

[Event "Moscow Open 2009 A"]
[Site ""]
[Date "2009.02.05"]
[Round "6.47"]
[White "Kharitonov, Alexandr"]
[Black "Novichkov, Valery"]
[Result "1-0"]
[WhiteElo "2537"]
[BlackElo "2400"]
[Annotator ""]
[Source ""]
[Remark ""]

1.d4 Nf6 2.c4 e6 3.Nc3 Bb4 4.e3 Bxc3+ 5.bxc3 d6 6.Bd3 c5 7.Ne2
Nc6 8.O-O e5 9.e4 h6 10.h3 g5 11.Be3 Qb6 12.Ng3 Qc7 13.Re1 Bd7
14.Bc2 Na5 15.Ba4 Bxa4 16.Qxa4+ Qd7 17.Qc2 O-O-O 18.Rad1 Qe6
19.dxc5 dxc5 20.Nf5 Nxc4 21.Rxd8+ Rxd8 22.Nxh6 g4 23.h4 Nh5 24.Nf5
Nf4 25.Rd1 Nd6 26.g3 Nh5 27.Qa4 1-0

[Event "Moscow Open 2009 A"]
[Site ""]
[Date "2009.02.05"]
[Round "6.48"]
[White "Kharlov, Andrei"]
[Black "Reshetnikov, Alexey"]
[Result "1-0"]
[WhiteElo "2511"]
[BlackElo "2397"]
[Annotator ""]
[Source ""]
[Remark ""]

1.d4 Nf6 2.c4 e6 3.Nc3 Bb4 4.Qc2 b6 5.a3 Bxc3+ 6.Qxc3 Bb7 7.Bg5
O-O 8.f3 h6 9.Bh4 d5 10.e3 Nbd7 11.cxd5 Bxd5 12.Nh3 c5 13.Nf2
cxd4 14.Qxd4 Qc7 15.Bb5 Rac8 16.O-O Qc5 17.Qxc5 Nxc5 18.Rad1
Bb3 19.Rd4 a6 20.Bxf6 gxf6 21.Be2 Rfd8 22.Rc1 a5 23.Rc3 a4 24.Kf1
Kg7 25.Rxd8 Rxd8 26.Nd3 Rd5 27.Nxc5 bxc5 28.e4 Rh5 29.h3 Rg5
30.Kf2 Kf8 31.Bc4 Bxc4 32.Rxc4 Rg8 33.Rxa4 1-0

[Event "Moscow Open 2009 A"]
[Site ""]
[Date "2009.02.05"]
[Round "6.49"]
[White "Tunik, Gennady"]
[Black "Nyudleev, Dolgan"]
[Result "1/2-1/2"]
[WhiteElo "2506"]
[BlackElo "2397"]
[Annotator ""]
[Source ""]
[Remark ""]

1.d4 d5 2.c4 dxc4 3.Nf3 Nf6 4.e3 e6 5.Bxc4 c5 6.O-O a6 7.dxc5
Qxd1 8.Rxd1 Bxc5 9.Nbd2 Nbd7 10.Be2 b6 11.Nc4 Bb7 12.Bd2 O-O
13.Be1 Bd5 14.Nd4 Rfc8 15.b3 Kf8 16.a4 Bxc4 17.bxc4 Ne5 18.Rab1
Ra7 19.f3 Rd7 20.Rbc1 Nc6 21.Bf2 Na5 22.g4 Rdd8 23.Kg2 Ne8 24.Bh4
Be7 25.Be1 Bc5 26.Bh4 1/2-1/2